000 00294nam a22001337a 4500
008 181107b xxu||||| |||| 00| 0 eng d
020 _a0813815606
041 _aeng
080 _27th
_a311
100 _a55
101 _aSTA
245 _aStatistical Methods
_cSnedecor,G.W
942 _2udc
_cBK
999 _c52123
_d52123